000 00975cam a2200301 a 4500
001 2634
003 FISKH
005 20240105144123.0
008 100622r20101891nyu 000 1 eng
010 _a 2010026239
020 _a9780143106142 (pbk.)
020 _a9780007351053
040 _aDLC
_cDLC
_dDLC
_beng
050 0 0 _aPR5819
_b.A1 2010
082 0 0 _a823/.8
_222
100 1 _aWilde, Oscar,
_d1854-1900.
245 1 4 _a The picture of Dorian Gray /
_cOscar Wilde.
260 _aNew York :
_bCollins Classics,
_c2010.
300 _a252 pages :
_c18 cm
520 _aA miser learns the true meaning of Christmas when three ghostly visitors review his past and foretell his future.
650 0 _aAppearance (Philosophy)
_vFiction.
650 0 _aConduct of life
_vFiction.
650 0 _aYouthfulness
_vFiction.
650 0 _aPortraits
_vFiction.
655 7 _aDidactic fiction.
_2gsafd
906 _a7
_bcbc
_corignew
_d1
_eecip
_f20
_gy-gencatlg
942 _2ddc
_cBK
_n0
999 _c2634
_d2634